| 000 | 00646nam a2200229 i 4500 | ||
|---|---|---|---|
| 001 | 67377 | ||
| 003 | ES-MaACL | ||
| 005 | 20250228055115.0 | ||
| 007 | t| | ||
| 008 | 040521s1999 sp ||||1| spa d | ||
| 020 | _a84-7839-234-3 | ||
| 080 | _a821.134.2-14"19" | ||
| 100 | 1 |
_aHierro, José, _d1922-2002 _963619 |
|
| 245 | 1 | 0 |
_aAlegría / _cJosé Hierro. |
| 250 | _a4ª ed. en "El vaso de Berceo". | ||
| 260 |
_aMadrid : _bTorremozas, _c1999. |
||
| 300 |
_a100 p. ; _c21 cm. |
||
| 490 | 1 |
_aEl Vaso de Berceo ; _v5 |
|
| 830 | 0 |
_aEl vaso de Berceo _v5 _9183180 |
|
| 852 |
_aES-MaACL _jL-27575 _bR.133228 |
||
| 999 |
_c67377 _d67377 |
||